| 000 | 00740nam a2200205Ia 4500 | ||
|---|---|---|---|
| 003 | OSt | ||
| 005 | 20250306110810.0 | ||
| 008 | 210210b2000 xxu||||| |||| 00| 0 eng d | ||
| 040 | _cAL | ||
| 041 | _aKannada | ||
| 082 | _aK894.9 SHRK | ||
| 100 |
_aSHRINIVASAMURTI (Ka Vem) _dಶ್ರೀನಿವಾಸಮೂರ್ತಿ(ಕಾ ವೆಂ) _9204561 |
||
| 245 |
_aKannadapara Chintane Mattu Parampare _bಕನ್ನಡಪರ ಚಿಂತನೆ ಮತ್ತು ಪರಂಪರೆ |
||
| 260 |
_aBelagavi _bAllamaprabhu Janakalyana Samsthe _c2000 |
||
| 300 | _axvi,344 | ||
| 650 |
_aPampa Nayasena Andayya Harihara Nanjunda Mahalinganarayana Muddana _9204562 |
||
| 690 |
_aKannada Criticism _9204563 |
||
| 906 | _aSG04064 | ||
| 942 |
_2ddc _cSG |
||
| 999 |
_c114832 _d114832 |
||